| 000 | 00658nam a22001937a 4500 | ||
|---|---|---|---|
| 999 |
_c6777 _d6777 |
||
| 003 | AR-CdUCM | ||
| 008 | 190319b ||||| |||| 00| 0 spa d | ||
| 040 |
_aMUNICIPALIDAD PROVINCIAL DEL CUSCO _cBIBLIOTECA MUNICIPAL DEL CUSCO |
||
| 082 |
_a869.634 / _bG22 |
||
| 100 |
_aGarcía Márquez, Gabriel _9490 |
||
| 245 |
_aLa increíble y triste historia de la cándida Eréndira y de su abuela desalmada : _bsiete cuentos / |
||
| 260 |
_aBarcelona : _bBarral editores, _c1972. |
||
| 300 |
_a163 páginas ; _c19.5 cm. |
||
| 500 | _aDonación familia Nieto | ||
| 650 |
_aNovelas colombianas _918836 |
||
| 650 |
_aSiglo XX _98 |
||
| 942 |
_2ddc _cLIBROS |
||
| 945 | _aafb | ||